000 01016nam a2200277 a 4500
001 BRCA_8459
005 20190320210306.0
008 081215m19671969sp-#######---#000-0#spa-#
041 _aspa
044 _asp
050 4 _aPQ6323
_b.C47 1967
100 1 _aCervantes Saavedra, Miguel de
_d1547-1616
_9213
245 1 0 _aEl Ingenioso Hidalgo Don Quijote de la Mancha
_cMiguel de Cervantes Saavedra ; edición, prólogo y notas de Francisco Rodríguez Marín.
250 _a9
260 _aMadrid
_bEspasa-Calpe
_c1967-1969
300 _a8 v.
_c19 cm.
440 0 _aClásicos castellanos
_97901
500 _aIncluye índice de autores de la colección Clásicos castellanos
650 1 4 _aNovela española
_yÉpoca clásica, 1500-1700
_9215
650 1 4 _aLiteratura española
_yÉpoca clásica, 1500-1700
_9216
650 1 4 _aNovela española
_ySiglo XVII
_9217
650 1 4 _aDon Quijote (Personaje ficticio)
_xNovela
_921187
700 1 _aRodríguez Marín, Francisco
_eed.
_921188
902 _aQAG
942 _2lcc
_cB
999 _c8126
_d8126